000 00363 a2200157 4500
001 74982
020 _a85-7432-018-8
040 _cAnchieta - Colégio São Paulo
100 _aBottero, Jean
240 1 0 _aA mais bela história de Deus
_lpor
245 1 0 _aA mais bela história de Deus
300 _a184
362 0 _a1997
650 4 _aReligião
942 _cBK
999 _c74982
_d74982